000 00428nam a2200145Ia 4500
008 231129s2007||||xx |||||||||||||| ||spa||
020 _aISBN 10: 1-57189-5
040 _bspa
082 _a296.16 B493k
100 _aBerg Yehudá
245 0 _aKabbalah y sexo y otros misterios del universo
260 _c2007
264 _aNew York (State) : Kabbalah Centre International
942 _2ddc
_cBKS
999 _c16313
_d16313